00906nam a2200265Ia 4500003000900000008004100009020001800050040001600068080002000084245008300104260004600187300001600233490005100249650003200300650002800332650002200360650002200382650001900404700002800423700002900451700003100480942000700511999001700518952010500535IN-BaIIA211028s9999 xx 000 0 eng d a0-8165-2059-3 cIIA Library a524.3-5bPRO-IV 0aProtostars and planets IVcedited by V. Mannings, A. P. Boss and S. S. Russell aTucsonbUniversity of Arizona Pressc2000 axvi, 1422p. aThe university of arizona space science series adisks (astrophysics)925295 amolecular clouds911776 aplanetology99952 aprotostars910852 astar-formation aBoss, A. P., ed.925296 aMannings, V., ed.925297 aRussell, S. S., ed.925298 cBK c14298d14298 00104070aBANbBANcGENd2001-10-15l0o524.3-5/ PRO-IVp15218r2021-11-05w2001-10-15yBK 116.20